00680nam a2200157 a 450000100100000000500170001000800410002704000250006811000320009324000170012524501880014226000490033030000200037995201060039999900170050500002390920200930022549.0110117s1997 dr 000 0 spa d aDO-SdBNPbspacBNPHU2 aRepública Dominicana944710a[Leyes etc.]10aLey 3143, trabajos realizados y no pagado y no realizados del 11 de diciembre de 1951 G.O No. 7363 y juriprudencias del trabajo conforme a las diposiciones del nuevo código laboral. aSanto Domingo :b[Congreso Nacional],c1997. a12 p. ;c21 cm. 00107-18PDaPDbPDcOId2013-07-01iLF1l0o p23909-10r2020-06-25w2020-06-25yLFPDZNo se presta c23405d23405